[Event "Steinthor Baldursson memorial 2018"]
[Site "?"]
[Date "2018.01.07"]
[Round "7"]
[White "Johannesson, Oliver Aron"]
[Black "Mai, Alexander Oliver"]
[Result "1/2-1/2"]
[WhiteElo "2277"]
[BlackElo "1970"]
[PlyCount "96"]
[EventDate "2018.??.??"]
[EventType "swiss"]
[EventCountry "ISL"]
[SourceTitle "Kopavogur"]
[TimeControl "5400+30"]
[WhiteClock "0:09:55"]
[BlackClock "0:36:35"]

1. e4 {[%emt 0:07:36]} e5 {[%emt 0:00:00]} 2. Nf3 {[%emt 0:00:32]} Nc6 {[%emt 0:00:00]} 3. Bc4 {[%emt 0:00:23]} Nf6 {[%emt 0:00:11]} 4. d3 {[%emt 0:00:07]} Be7 {[%emt 0:00:46]} 5. O-O {[%emt 0:00:43]} O-O {[%emt 0:00:37]} 6. c3 {[%emt 0:00:26]} d6 {[%emt 0:01:05]} 7. Bb3 {[%emt 0:00:15]} Be6 {[%emt 0:07:14]} 8. Nbd2 {[%emt 0:03:24]} Bxb3 {[%emt 0:05:27]} 9. Qxb3 {[%emt 0:03:22]} Na5 {[%emt 0:04:47]} 10. Qd1 {[%emt 0:01:05]} c5 {[%emt 0:04:18]} 11. Re1 {[%emt 0:00:29]} Nc6 {[%emt 0:07:43]} 12. Nf1 {[%emt 0:01:12]} Re8 {[%emt 0:03:29]} 13. Ng3 {[%emt 0:01:51]} g6 {[%emt 0:01:52]} 14. d4 {[%emt 0:02:36]} Bf8 {[%emt 0:13:12]} 15. d5 {[%emt 0:02:15]} Nb8 {[%emt 0:01:32]} 16. Nd2 {[%emt 0:00:50]} Nbd7 {[%emt 0:01:34]} 17. a4 {[%emt 0:00:20]} Qc7 {[%emt 0:03:10]} 18. Nc4 {[%emt 0:05:39]} Rab8 {[%emt 0:04:03]} 19. f4 {[%emt 0:02:37]} Bg7 {[%emt 0:02:15]} 20. Qf3 {[%emt 0:02:41]} Rbd8 {[%emt 0:05:08]} 21. Rf1 {[%emt 0:03:02]} Rb8 {[%emt 0:01:43]} 22. Bd2 {[%emt 0:01:47]} Re7 {[%emt 0:00:53]} 23. Rae1 {[%emt 0:01:14]} Rf8 {[%emt 0:01:19]} 24. f5 {[%emt 0:08:00]} Ree8 {[%emt 0:02:12]} 25. Nh1 {[%emt 0:00:28]} Nb6 {[%emt 0:01:11]} 26. Ne3 {[%emt 0:03:56]} Nxa4 {[%emt 0:01:07]} 27. Ng4 {[%emt 0:01:03]} Nxg4 {[%emt 0:02:38]} 28. Qxg4 {[%emt 0:00:12]} Qe7 {[%emt 0:02:11]} 29. f6 {[%emt 0:01:32]} Bxf6 {[%emt 0:00:09]} 30. Rxf6 {[%emt 0:00:05]} Qxf6 {[%emt 0:00:08]} 31. Bg5 {[%emt 0:00:04]} Qg7 {[%emt 0:01:12]} 32. Qh4 {[%emt 0:00:42]} f6 {[%emt 0:00:52]} 33. Bh6 {[%emt 0:00:07]} Qe7 {[%emt 0:01:06]} 34. Bxf8 {[%emt 0:00:05]} Rxf8 {[%emt 0:00:19]} 35. Re2 {[%emt 0:00:50]} b5 {[%emt 0:03:11]} 36. Nf2 {[%emt 0:00:28]} Qg7 {[%emt 0:01:18]} 37. Ng4 {[%emt 0:02:51]} h5 {[%emt 0:01:04]} 38. Ne3 {[%emt 0:00:02]} Qh6 {[%emt 0:04:14]} 39. Qh3 {[%emt 0:00:21]} f5 {[%emt 0:01:27]} 40. exf5 {[%emt 0:00:44]} gxf5 {[%emt 0:00:06]} 41. Rf2 {[%emt 0:00:13]} f4 {[%emt 0:01:03]} 42. Nf5 {[%emt 0:01:36]} Qf6 {[%emt 0:02:02]} 43. Ng3 {[%emt 0:01:50]} h4 {[%emt 0:02:06]} 44. Qg4+ {[%emt 0:04:13]} Qg7 {[%emt 0:01:08]} 45. Qe6+ {[%emt 0:00:04]} Qf7 {[%emt 0:00:40]} 46. Qg4+ {[%emt 0:01:18]} Qg7 {[%emt 0:00:08]} 47. Qe6+ {[%emt 0:00:07]} Qf7 {[%emt 0:00:05]} 48. Qg4+ {[%emt 0:02:08]} Qg7 {[%emt 0:00:10]} 1/2-1/2

[Event "Steinthor Baldursson memorial 2018"]
[Site "?"]
[Date "2018.01.07"]
[Round "7"]
[White "Birkisson, Bardur Orn"]
[Black "Tokranovs, Dmitrijs"]
[Result "1/2-1/2"]
[WhiteElo "2190"]
[BlackElo "2354"]
[PlyCount "81"]
[EventDate "2018.??.??"]
[EventType "swiss"]
[EventCountry "ISL"]
[SourceTitle "Kopavogur"]
[TimeControl "5400+30"]
[WhiteClock "0:43:41"]
[BlackClock "0:00:39"]

1. d4 {[%emt 0:00:30]} Nf6 {[%emt 0:00:00]} 2. Nf3 {[%emt 0:01:42]} b6 {[%emt 0:00:55]} 3. Bf4 {[%emt 0:01:59]} Bb7 {[%emt 0:00:09]} 4. e3 {[%emt 0:01:03]} e6 {[%emt 0:01:43]} 5. Nbd2 {[%emt 0:00:59]} Be7 {[%emt 0:00:27]} 6. h3 {[%emt 0:01:15]} c5 {[%emt 0:01:07]} 7. c3 {[%emt 0:00:57]} O-O {[%emt 0:01:29]} 8. Bd3 {[%emt 0:01:13]} d6 {[%emt 0:02:39]} 9. O-O {[%emt 0:02:27]} Nbd7 {[%emt 0:00:51]} 10. Qe2 {[%emt 0:04:37]} a6 {[%emt 0:04:33]} 11. a4 {[%emt 0:02:28]} d5 {[%emt 0:08:05]} 12. Ne5 {[%emt 0:10:47]} c4 {[%emt 0:02:19]} 13. Bc2 {[%emt 0:04:08]} b5 {[%emt 0:00:48]} 14. b3 {[%emt 0:15:03]} Nxe5 {[%emt 0:05:30]} 15. Bxe5 {[%emt 0:01:50]} cxb3 {[%emt 0:11:34]} 16. Nxb3 {[%emt 0:09:25]} bxa4 {[%emt 0:02:04]} 17. Rxa4 {[%emt 0:02:02]} Bc6 {[%emt 0:00:20]} 18. Rxa6 {[%emt 0:05:53]} Qd7 {[%emt 0:00:53]} 19. Bd3 {[%emt 0:08:08]} Rxa6 {[%emt 0:00:50]} 20. Bxa6 {[%emt 0:00:31]} Ne4 {[%emt 0:00:04]} 21. c4 {[%emt 0:04:15]} Ba4 {[%emt 0:01:47]} 22. Nc1 {[%emt 0:04:02]} dxc4 {[%emt 0:06:10]} 23. Bxc4 {[%emt 0:00:31]} Rc8 {[%emt 0:00:34]} 24. Bd3 {[%emt 0:01:37]} Nc3 {[%emt 0:01:47]} 25. Qg4 {[%emt 0:01:06]} Bf8 {[%emt 0:00:18]} 26. Ne2 {[%emt 0:00:30]} Nxe2+ {[%emt 0:03:03]} 27. Qxe2 {[%emt 0:02:58]} Qd5 {[%emt 0:00:35]} 28. Ra1 {[%emt 0:03:02]} Bc6 {[%emt 0:00:41]} 29. f3 {[%emt 0:00:11]} Qb3 {[%emt 0:00:51]} 30. Qc2 {[%emt 0:05:18]} Qxc2 {[%emt 0:00:17]} 31. Bxc2 {[%emt 0:00:02]} Bxf3 {[%emt 0:00:58]} 32. Bxh7+ {[%emt 0:01:08]} Kxh7 {[%emt 0:00:05]} 33. gxf3 {[%emt 0:00:07]} Rc2 {[%emt 0:00:31]} 34. Bg3 {[%emt 0:03:38]} Kg6 {[%emt 0:00:26]} 35. Rf1 {[%emt 0:01:06]} Re2 {[%emt 0:00:36]} 36. Bf4 {[%emt 0:00:37]} Kf5 {[%emt 0:00:44]} 37. Rf2 {[%emt 0:00:15]} Re1+ {[%emt 0:00:06]} 38. Rf1 {[%emt 0:00:08]} Re2 {[%emt 0:00:07]} 39. Rf2 {[%emt 0:00:58]} Re1+ {[%emt 0:00:02]} 40. Rf1 {[%emt 0:00:33]} Re2 {[%emt 0:00:21]} 41. Rf2 {[%emt 0:00:52]} 1/2-1/2

[Event "Steinthor Baldursson memorial 2018"]
[Site "?"]
[Date "2018.01.07"]
[Round "7"]
[White "Mai, Aron Thor"]
[Black "Fjallheim, Leif Reinert"]
[Result "1-0"]
[WhiteElo "2066"]
[BlackElo "1720"]
[PlyCount "57"]
[EventDate "2018.??.??"]
[EventType "swiss"]
[EventCountry "ISL"]
[SourceTitle "Kopavogur"]
[TimeControl "5400+30"]
[WhiteClock "0:00:31"]
[BlackClock "0:36:03"]

1. e4 {[%emt 0:00:00]} d6 {[%emt 0:00:00]} 2. d4 {[%emt 0:00:00]} g6 {[%emt 0:00:23]} 3. Nc3 {[%emt 0:00:00]} Bg7 {[%emt 0:00:52]} 4. f4 {[%emt 0:00:10]} a6 {[%emt 0:15:32]} 5. Nf3 {[%emt 0:01:51]} Nd7 {[%emt 0:06:28]} 6. e5 {[%emt 0:05:05]} e6 {[%emt 0:09:01]} 7. Bd3 {[%emt 0:02:44]} Ne7 {[%emt 0:07:48]} 8. O-O {[%emt 0:09:52]} b6 {[%emt 0:08:26]} 9. Ne4 {[%emt 0:05:39]} d5 {[%emt 0:03:40]} 10. Nf2 {[%emt 0:00:56]} c5 {[%emt 0:02:19]} 11. c3 {[%emt 0:02:05]} Bb7 {[%emt 0:11:30]} 12. a4 {[%emt 0:05:47]} Nc6 {[%emt 0:07:42]} 13. Bd2 {[%emt 0:02:10]} c4 {[%emt 0:05:22]} 14. Bc2 {[%emt 0:00:55]} b5 {[%emt 0:01:41]} 15. g4 {[%emt 0:07:34]} h5 {[%emt 0:10:01]} 16. h3 {[%emt 0:00:28]} Ne7 {[%emt 0:01:05]} 17. Qe2 {[%emt 0:03:02]} Bc6 {[%emt 0:02:48]} 18. axb5 {[%emt 0:02:24]} Bxb5 {[%emt 0:00:29]} 19. Kg2 {[%emt 0:02:18]} Qb6 {[%emt 0:00:18]} 20. Nd1 {[%emt 0:02:07]} O-O-O {[%emt 0:02:13]} 21. Ne3 {[%emt 0:01:00]} f5 {[%emt 0:02:11]} 22. gxf5 {[%emt 0:06:13]} gxf5 {[%emt 0:00:36]} 23. Ng5 {[%emt 0:00:44]} Rdf8 {[%emt 0:00:28]} 24. Kh2 {[%emt 0:00:50]} Ng6 {[%emt 0:00:32]} 25. Ng2 {[%emt 0:00:53]} Nb8 {[%emt 0:00:22]} 26. Rfb1 {[%emt 0:01:16]} Qb7 {[%emt 0:00:39]} 27. Nxe6 {[%emt 0:01:05]} Re8 {[%emt 0:00:28]} 28. Bxf5 {[%emt 0:00:49]} Qb6 {[%emt 0:00:35]} 29. Nxg7+ {[%emt 0:00:30]} 1-0

[Event "Steinthor Baldursson memorial 2018"]
[Site "?"]
[Date "2018.01.07"]
[Round "7"]
[White "Thorhallsson, Simon"]
[Black "Beerdsen, Thomas"]
[Result "0-1"]
[WhiteElo "2040"]
[BlackElo "2416"]
[Annotator "TA"]
[PlyCount "60"]
[EventDate "2018.??.??"]
[EventType "swiss"]
[EventCountry "ISL"]
[SourceTitle "Kopavogur"]

{[%evp 25,60,9,15,-37,-39,-36,-43,-41,-4,-97,-29,-33,-36,-143,-133,-141,-133,-227,-218,-227,-202,-261,-261,-261,-261,-261,-261,-261,-255,-261,-261,-585,-575,-621,-601,-602,-590]} 1. d4 Nf6 2. c4 e6 3. g3 d5 4. Nf3 Bb4+ 5. Bd2 Be7 6. Bg2 O-O 7. O-O c6 8. Qc2 Nbd7 9. Bf4 b6 10. Rd1 Ba6 {E08: Closed Catalan: Main Line: 7 Qc2} 11. Ne5 Rc8 12. cxd5 cxd5 13. Nc6 Nh5 {[#] LiveBook: 14 Games} 14. Nxe7+ $146 (14. Bd2 $11) ({Predecessor:} 14. Bc1 Nb8 15. Nxe7+ Qxe7 16. Qd2 Nc6 17. b3 Rfd8 18. Ba3 {½-½ (26) Gelfand,B (2743)-Tomashevsky,E (2731) Moscow 2016}) 14... Qxe7 $15 15. Nc3 Nxf4 16. gxf4 b5 {[%cal Bb6b5,Bb5b4][%mdl 32] [#] ...b4 is the strong threat.} 17. Qd2 (17. a3 $11 {keeps the balance.}) 17... Nb6 (17... b4 $17 18. Na4 Bb5) 18. b3 $11 b4 $36 {[%mdl 2048] Black fights for an advantage.} 19. Na4 ({White has to play} 19. Nb1 $1 $15) 19... Nxa4 $17 20. bxa4 Rc3 21. e3 (21. Rab1 $17 {was necessary.}) 21... Rfc8 $19 22. Rdc1 g6 23. Bf1 Bxf1 24. Kxf1 Qc7 25. Rxc3 Qxc3 ({But not} 25... bxc3 26. Qc2 $17) 26. Qxc3 Rxc3 {KR-KR} ({Less strong is} 26... bxc3 27. Rc1 $15) 27. Rb1 a5 28. Rb3 $2 {[#]} (28. Rb2 {is a better chance.}) 28... Rc1+ {Black is clearly winning.} 29. Kg2 Rc2 30. a3 Rc3 {Precision: White = 29%, Black = 69%.} 0-1

[Event "Steinthor Baldursson memorial 2018"]
[Site "?"]
[Date "2018.01.07"]
[Round "7"]
[White "Jappinen, Erland"]
[Black "Bannout, Edvin"]
[Result "1-0"]
[WhiteElo "2026"]
[BlackElo "1869"]
[PlyCount "47"]
[EventDate "2018.??.??"]
[EventType "swiss"]
[EventCountry "ISL"]
[SourceTitle "Kopavogur"]
[TimeControl "5400+30"]
[WhiteClock "0:19:25"]
[BlackClock "0:44:45"]

1. e4 {[%emt 0:00:00]} c5 {[%emt 0:00:00]} 2. d4 {[%emt 0:00:09]} cxd4 {[%emt 0:00:48]} 3. c3 {[%emt 0:00:10]} d5 {[%emt 0:03:35]} 4. exd5 {[%emt 0:00:08]} Qxd5 {[%emt 0:00:12]} 5. cxd4 {[%emt 0:00:07]} Nc6 {[%emt 0:00:22]} 6. Nf3 {[%emt 0:00:11]} Bg4 {[%emt 0:01:30]} 7. Nc3 {[%emt 0:00:57]} Qa5 {[%emt 0:07:36]} 8. d5 {[%emt 0:07:45]} O-O-O {[%emt 0:03:28]} 9. Bd2 {[%emt 0:08:56]} Rxd5 {[%emt 0:14:39]} 10. Nxd5 {[%emt 0:00:33]} Qxd5 {[%emt 0:00:12]} 11. Be2 {[%emt 0:01:05]} Nf6 {[%emt 0:00:20]} 12. Be3 {[%emt 0:01:29]} Qe4 {[%emt 0:08:30]} 13. Rc1 {[%emt 0:04:52]} e5 {[%emt 0:11:34]} 14. O-O {[%emt 0:04:10]} Kb8 {[%emt 0:11:22]} 15. Rc4 {[%emt 0:08:41]} Qf5 {[%emt 0:05:05]} 16. Nxe5 {[%emt 0:06:04]} Bxe2 {[%emt 0:04:53]} 17. Nxc6+ {[%emt 0:00:37]} bxc6 {[%emt 0:00:04]} 18. Qxe2 {[%emt 0:00:11]} Bd6 {[%emt 0:01:51]} 19. Rxc6 {[%emt 0:09:02]} Bxh2+ {[%emt 0:02:52]} 20. Kxh2 {[%emt 0:00:43]} Ng4+ {[%emt 0:00:22]} 21. Kg1 {[%emt 0:00:24]} Qh5 {[%emt 0:00:28]} 22. Bf4+ {[%emt 0:00:08]} Ka8 {[%emt 0:00:50]} 23. Qe4 {[%emt 0:00:43]} Qh2+ {[%emt 0:01:32]} 24. Bxh2 {[%emt 0:00:10]} 1-0

[Event "Steinthor Baldursson memorial 2018"]
[Site "?"]
[Date "2018.01.07"]
[Round "7"]
[White "Zarovs, Aleksandrs"]
[Black "Davidsson, Oskar Vikingur"]
[Result "0-1"]
[WhiteElo "1831"]
[BlackElo "1854"]
[PlyCount "138"]
[EventDate "2018.??.??"]
[EventType "swiss"]
[EventCountry "ISL"]
[SourceTitle "Kopavogur"]
[TimeControl "5400+30"]
[WhiteClock "0:28:54"]
[BlackClock "0:03:22"]

1. e4 {[%emt 0:00:00]} c5 {[%emt 0:00:00]} 2. Nf3 {[%emt 0:00:00]} e6 {[%emt 0:00:00]} 3. d4 {[%emt 0:00:00]} cxd4 {[%emt 0:00:00]} 4. Nxd4 {[%emt 0:00:00]} Nc6 {[%emt 0:00:00]} 5. Nc3 {[%emt 0:00:07]} Qc7 {[%emt 0:00:00]} 6. Be2 {[%emt 0:00:42]} a6 {[%emt 0:00:08]} 7. O-O {[%emt 0:00:22]} Nf6 {[%emt 0:00:58]} 8. Be3 {[%emt 0:01:17]} Be7 {[%emt 0:01:10]} 9. f4 {[%emt 0:03:03]} d6 {[%emt 0:00:52]} 10. a3 {[%emt 0:00:43]} b5 {[%emt 0:01:51]} 11. Kh1 {[%emt 0:01:09]} Bb7 {[%emt 0:01:44]} 12. Qe1 {[%emt 0:04:10]} Nxd4 {[%emt 0:06:26]} 13. Bxd4 {[%emt 0:00:16]} e5 {[%emt 0:08:30]} 14. Bg1 {[%emt 0:13:44]} Nxe4 {[%emt 0:03:18]} 15. Nxe4 {[%emt 0:02:06]} Bxe4 {[%emt 0:00:11]} 16. Bxb5+ {[%emt 0:01:01]} axb5 {[%emt 0:00:21]} 17. Qxe4 {[%emt 0:00:28]} Rc8 {[%emt 0:01:45]} 18. c3 {[%emt 0:12:31]} O-O {[%emt 0:00:42]} 19. Rad1 {[%emt 0:01:37]} Bf6 {[%emt 0:03:06]} 20. Rd5 {[%emt 0:02:13]} Rb8 {[%emt 0:02:58]} 21. Qd3 {[%emt 0:01:12]} Qc4 {[%emt 0:02:11]} 22. Rxd6 {[%emt 0:03:54]} exf4 {[%emt 0:00:14]} 23. Rd1 {[%emt 0:02:37]} h6 {[%emt 0:02:51]} 24. Qd5 {[%emt 0:11:16]} Qe2 {[%emt 0:06:54]} 25. Qd2 {[%emt 0:15:30]} Qc4 {[%emt 0:01:40]} 26. Rd3 {[%emt 0:02:20]} Qb3 {[%emt 0:03:22]} 27. Bd4 {[%emt 0:01:40]} Bg5 {[%emt 0:00:50]} 28. Qf2 {[%emt 0:01:11]} Rbd8 {[%emt 0:01:51]} 29. h4 {[%emt 0:03:46]} Bf6 {[%emt 0:01:29]} 30. Bxf6 {[%emt 0:03:35]} Qxd1+ {[%emt 0:00:16]} 31. Rxd1 {[%emt 0:00:13]} Rxd1+ {[%emt 0:00:04]} 32. Kh2 {[%emt 0:00:17]} gxf6 {[%emt 0:00:07]} 33. Qxf4 {[%emt 0:01:27]} Rfd8 {[%emt 0:01:01]} 34. Qb4 {[%emt 0:01:43]} R8d5 {[%emt 0:02:10]} 35. a4 {[%emt 0:01:50]} bxa4 {[%emt 0:00:25]} 36. Qxa4 {[%emt 0:00:24]} R5d2 {[%emt 0:02:02]} 37. b4 {[%emt 0:01:01]} Rc1 {[%emt 0:01:08]} 38. Qa8+ {[%emt 0:02:57]} Kg7 {[%emt 0:00:35]} 39. Qc8 {[%emt 0:04:04]} Rdc2 {[%emt 0:01:51]} 40. Qg4+ {[%emt 0:00:22]} Kf8 {[%emt 0:00:15]} 41. b5 {[%emt 0:02:30]} Rxc3 {[%emt 0:01:24]} 42. Qb4+ {[%emt 0:00:08]} Kg7 {[%emt 0:01:12]} 43. b6 {[%emt 0:00:48]} Rc4 {[%emt 0:02:45]} 44. Qb2 {[%emt 0:00:20]} R1c2 {[%emt 0:00:12]} 45. Qb3 {[%emt 0:00:33]} R4c3 {[%emt 0:02:00]} 46. Qb5 {[%emt 0:00:12]} Rc5 {[%emt 0:00:19]} 47. Qb4 {[%emt 0:01:28]} R5c4 {[%emt 0:00:50]} 48. Qb1 {[%emt 0:00:37]} Rc1 {[%emt 0:00:10]} 49. Qb5 {[%emt 0:00:31]} Rc5 {[%emt 0:00:58]} 50. Qd3 {[%emt 0:00:32]} R1c3 {[%emt 0:00:49]} 51. Qd4 {[%emt 0:00:31]} R5c4 {[%emt 0:00:35]} 52. Qd6 {[%emt 0:00:27]} Rb3 {[%emt 0:01:11]} 53. Qd8 {[%emt 0:00:32]} Rcb4 {[%emt 0:00:16]} 54. g3 {[%emt 0:00:29]} Rxb6 {[%emt 0:00:07]} 55. Qd7 {[%emt 0:00:17]} R6b4 {[%emt 0:00:15]} 56. Qd6 {[%emt 0:00:31]} Rc4 {[%emt 0:01:34]} 57. Qd1 {[%emt 0:00:15]} Re3 {[%emt 0:05:19]} 58. Qh5 {[%emt 0:00:58]} Rc2+ {[%emt 0:00:22]} 59. Kh3 {[%emt 0:00:25]} Rcc3 {[%emt 0:00:09]} 60. Qg4+ {[%emt 0:00:19]} Kh8 {[%emt 0:00:28]} 61. Qf5 {[%emt 0:00:45]} Rxg3+ {[%emt 0:00:14]} 62. Kh2 {[%emt 0:00:05]} Rh3+ {[%emt 0:00:13]} 63. Kg2 {[%emt 0:00:09]} Rcg3+ {[%emt 0:00:05]} 64. Kf2 {[%emt 0:00:08]} Rf3+ {[%emt 0:00:06]} 65. Qxf3 {[%emt 0:00:04]} Rxf3+ {[%emt 0:00:04]} 66. Kxf3 {[%emt 0:00:04]} Kg7 {[%emt 0:07:49]} 67. Kf4 {[%emt 0:00:29]} Kg6 {[%emt 0:00:41]} 68. Kg4 {[%emt 0:00:05]} f5+ {[%emt 0:00:10]} 69. Kf4 {[%emt 0:00:08]} Kf6 {[%emt 0:00:03]} 0-1

[Event "Steinthor Baldursson memorial 2018"]
[Site "?"]
[Date "2018.01.07"]
[Round "7"]
[White "Johannsson, Birkir Isak"]
[Black "Birkisson, Bjorn Holm"]
[Result "1/2-1/2"]
[WhiteElo "1760"]
[BlackElo "2084"]
[PlyCount "122"]
[EventDate "2018.??.??"]
[EventType "swiss"]
[EventCountry "ISL"]
[SourceTitle "Kopavogur"]
[TimeControl "5400+30"]
[WhiteClock "0:04:37"]
[BlackClock "0:06:27"]

1. d4 {[%emt 0:00:00]} g6 {[%emt 0:06:00]} 2. c4 {[%emt 0:00:00]} Bg7 {[%emt 0:00:05]} 3. e4 {[%emt 0:00:05]} e5 {[%emt 0:00:05]} 4. d5 {[%emt 0:00:05]} d6 {[%emt 0:00:05]} 5. Nc3 {[%emt 0:00:18]} Ne7 {[%emt 0:00:36]} 6. Bd3 {[%emt 0:00:43]} O-O {[%emt 0:01:00]} 7. Nge2 {[%emt 0:00:16]} f5 {[%emt 0:00:07]} 8. exf5 {[%emt 0:02:07]} gxf5 {[%emt 0:00:07]} 9. f4 {[%emt 0:00:11]} e4 {[%emt 0:00:33]} 10. Bc2 {[%emt 0:00:06]} c5 {[%emt 0:09:24]} 11. dxc6 {[%emt 0:04:27]} bxc6 {[%emt 0:01:14]} 12. Be3 {[%emt 0:03:28]} Be6 {[%emt 0:17:41]} 13. Bb3 {[%emt 0:09:28]} c5 {[%emt 0:05:51]} 14. O-O {[%emt 0:05:43]} a6 {[%emt 0:01:42]} 15. Qd2 {[%emt 0:09:21]} Qc7 {[%emt 0:05:44]} 16. Rfd1 {[%emt 0:02:24]} Rd8 {[%emt 0:01:41]} 17. a3 {[%emt 0:01:28]} Nbc6 {[%emt 0:02:02]} 18. Ba2 {[%emt 0:00:38]} Rab8 {[%emt 0:02:56]} 19. Rab1 {[%emt 0:01:14]} Kh8 {[%emt 0:03:24]} 20. h3 {[%emt 0:13:29]} Na5 {[%emt 0:01:26]} 21. Nd5 {[%emt 0:02:53]} Bxd5 {[%emt 0:00:24]} 22. cxd5 {[%emt 0:00:13]} Nb3 {[%emt 0:01:14]} 23. Bxb3 {[%emt 0:01:08]} Rxb3 {[%emt 0:00:39]} 24. Nc1 {[%emt 0:00:07]} Rdb8 {[%emt 0:03:26]} 25. Nxb3 {[%emt 0:03:34]} Rxb3 {[%emt 0:00:05]} 26. Qf2 {[%emt 0:00:16]} Qb7 {[%emt 0:02:10]} 27. Qd2 {[%emt 0:09:04]} Qb6 {[%emt 0:06:31]} 28. Bf2 {[%emt 0:02:09]} Rd3 {[%emt 0:05:48]} 29. Qc2 {[%emt 0:01:02]} Rb3 {[%emt 0:04:14]} 30. Qd2 {[%emt 0:02:59]} h6 {[%emt 0:03:42]} 31. Kh1 {[%emt 0:01:49]} Rxb2 {[%emt 0:00:59]} 32. Rxb2 {[%emt 0:00:23]} Qxb2 {[%emt 0:00:04]} 33. Qxb2 {[%emt 0:03:14]} Bxb2 {[%emt 0:00:04]} 34. a4 {[%emt 0:05:03]} c4 {[%emt 0:01:59]} 35. Bd4+ {[%emt 0:10:27]} Bxd4 {[%emt 0:00:07]} 36. Rxd4 {[%emt 0:00:07]} c3 {[%emt 0:00:13]} 37. Rc4 {[%emt 0:00:04]} Nxd5 {[%emt 0:00:33]} 38. a5 {[%emt 0:00:50]} Nxf4 {[%emt 0:08:48]} 39. Rxc3 {[%emt 0:00:28]} d5 {[%emt 0:00:04]} 40. Rc8+ {[%emt 0:05:04]} Kg7 {[%emt 0:00:08]} 41. Rd8 {[%emt 0:00:16]} e3 {[%emt 0:02:50]} 42. Kg1 {[%emt 0:00:21]} d4 {[%emt 0:00:09]} 43. Kf1 {[%emt 0:02:22]} d3 {[%emt 0:00:27]} 44. g3 {[%emt 0:00:13]} e2+ {[%emt 0:00:24]} 45. Kf2 {[%emt 0:00:12]} Ng2 {[%emt 0:00:15]} 46. Re8 {[%emt 0:00:26]} e1=Q+ {[%emt 0:00:09]} 47. Rxe1 {[%emt 0:00:16]} Nxe1 {[%emt 0:00:04]} 48. Kxe1 {[%emt 0:00:21]} f4 {[%emt 0:03:16]} 49. gxf4 {[%emt 0:00:20]} Kf6 {[%emt 0:00:07]} 50. Kd2 {[%emt 0:00:16]} Kf5 {[%emt 0:00:04]} 51. Kxd3 {[%emt 0:00:10]} Kxf4 {[%emt 0:00:06]} 52. Kc4 {[%emt 0:00:30]} Kg3 {[%emt 0:03:36]} 53. Kc5 {[%emt 0:00:25]} Kxh3 {[%emt 0:00:04]} 54. Kb6 {[%emt 0:00:11]} Kg2 {[%emt 0:00:22]} 55. Kxa6 {[%emt 0:00:17]} h5 {[%emt 0:00:03]} 56. Kb7 {[%emt 0:00:20]} h4 {[%emt 0:00:07]} 57. a6 {[%emt 0:00:12]} h3 {[%emt 0:00:05]} 58. a7 {[%emt 0:00:07]} h2 {[%emt 0:00:05]} 59. a8=Q {[%emt 0:00:07]} h1=Q {[%emt 0:00:06]} 60. Kb8+ {[%emt 0:00:06]} Kg1 {[%emt 0:00:09]} 61. Qxh1+ {[%emt 0:00:10]} Kxh1 1/2-1/2

[Event "Steinthor Baldursson memorial 2018"]
[Site "?"]
[Date "2018.01.07"]
[Round "7"]
[White "Apol, Luitjen Akselsson"]
[Black "Briem, Stephan"]
[Result "0-1"]
[WhiteElo "1600"]
[BlackElo "1890"]
[PlyCount "110"]
[EventDate "2018.??.??"]
[EventType "swiss"]
[EventCountry "ISL"]
[SourceTitle "Kopavogur"]
[TimeControl "5400+30"]
[WhiteClock "0:02:04"]
[BlackClock "0:02:02"]

1. e4 {[%emt 0:00:00]} c5 {[%emt 0:04:53]} 2. Nf3 {[%emt 0:00:07]} d6 {[%emt 0:00:22]} 3. d4 {[%emt 0:00:24]} cxd4 {[%emt 0:00:18]} 4. Nxd4 {[%emt 0:00:22]} Nf6 {[%emt 0:00:31]} 5. Nc3 {[%emt 0:00:20]} a6 {[%emt 0:00:49]} 6. Bg5 {[%emt 0:00:57]} Nbd7 {[%emt 0:00:40]} 7. f4 {[%emt 0:01:04]} Qc7 {[%emt 0:00:50]} 8. Qf3 {[%emt 0:02:02]} h6 {[%emt 0:01:22]} 9. Bh4 {[%emt 0:04:43]} g5 {[%emt 0:02:34]} 10. fxg5 {[%emt 0:01:54]} hxg5 {[%emt 0:00:46]} 11. Bxg5 {[%emt 0:02:18]} Qc5 {[%emt 0:00:59]} 12. Be3 {[%emt 0:03:37]} Ne5 {[%emt 0:04:37]} 13. Qe2 {[%emt 0:04:00]} Neg4 {[%emt 0:04:29]} 14. Nf5 {[%emt 0:02:49]} Nxe3 15. Qxe3 {[%emt 0:06:12]} Qb4 {[%emt 0:14:19]} 16. Rb1 {[%emt 0:13:34]} Bxf5 {[%emt 0:25:33]} 17. exf5 {[%emt 0:00:44]} Bh6 {[%emt 0:10:37]} 18. Qd3 {[%emt 0:05:58]} Rc8 {[%emt 0:11:56]} 19. a3 {[%emt 0:05:00]} Qb6 {[%emt 0:03:42]} 20. Be2 {[%emt 0:06:14]} Bf4 {[%emt 0:00:53]} 21. g3 {[%emt 0:06:06]} Be5 {[%emt 0:01:12]} 22. Nd1 {[%emt 0:02:27]} Qc6 {[%emt 0:05:21]} 23. Bf3 {[%emt 0:07:35]} d5 {[%emt 0:03:27]} 24. c3 {[%emt 0:01:35]} Ne4 {[%emt 0:01:10]} 25. Ne3 {[%emt 0:02:00]} Rd8 {[%emt 0:00:31]} 26. Rd1 {[%emt 0:01:24]} Qb6 {[%emt 0:00:30]} 27. Bxe4 {[%emt 0:02:48]} dxe4 {[%emt 0:00:33]} 28. Qxd8+ {[%emt 0:00:19]} Qxd8 {[%emt 0:00:02]} 29. Rxd8+ {[%emt 0:00:09]} Kxd8 {[%emt 0:00:02]} 30. Kf2 {[%emt 0:00:18]} e6 {[%emt 0:01:05]} 31. fxe6 {[%emt 0:00:16]} fxe6 {[%emt 0:00:08]} 32. Nc4 {[%emt 0:01:01]} Bc7 {[%emt 0:00:38]} 33. Nd2 {[%emt 0:01:08]} e3+ {[%emt 0:01:02]} 34. Kxe3 {[%emt 0:00:29]} Bxg3 {[%emt 0:00:25]} 35. Nf1 {[%emt 0:00:50]} Bh4 {[%emt 0:00:33]} 36. Ke4 {[%emt 0:03:04]} Rf8 {[%emt 0:00:30]} 37. Ne3 {[%emt 0:01:50]} Rf2 {[%emt 0:00:29]} 38. b3 {[%emt 0:03:33]} Rb2 {[%emt 0:00:33]} 39. b4 {[%emt 0:00:20]} Rb3 {[%emt 0:00:32]} 40. c4 {[%emt 0:02:30]} Rxa3 {[%emt 0:00:21]} 41. Rd1+ {[%emt 0:01:28]} Ke7 {[%emt 0:00:20]} 42. Rd3 {[%emt 0:01:20]} Ra2 {[%emt 0:00:25]} 43. Rb3 {[%emt 0:02:28]} Rxh2 {[%emt 0:00:37]} 44. b5 {[%emt 0:00:58]} a5 {[%emt 0:00:43]} 45. Ra3 {[%emt 0:00:48]} Be1 {[%emt 0:00:31]} 46. Ng4 {[%emt 0:01:53]} Rc2 {[%emt 0:00:32]} 47. Ne3 {[%emt 0:00:08]} Rc1 {[%emt 0:00:31]} 48. Ra2 {[%emt 0:00:39]} Bb4 {[%emt 0:00:19]} 49. Ra4 {[%emt 0:00:44]} Re1 {[%emt 0:00:23]} 50. Ra2 {[%emt 0:00:18]} Bc5 {[%emt 0:00:14]} 51. Rxa5 {[%emt 0:00:49]} Rxe3+ {[%emt 0:00:18]} 52. Kf4 {[%emt 0:00:07]} Rd3 {[%emt 0:00:35]} 53. Ra4 {[%emt 0:01:02]} Rd4+ {[%emt 0:00:12]} 54. Kf3 {[%emt 0:00:24]} Kd6 {[%emt 0:00:15]} 55. Ke2 {[%emt 0:00:21]} Bb6 {[%emt 0:00:17]} 0-1